Chromakopia Quiz - Statistics

General Stats
  • This quiz has been taken 578 times
  • The average score is 12 of 14
Answer Stats
Track Number Answer % Correct
1 St. Chroma
99%
2 Rah Tah Tah
94%
3 Noid
93%
13 Balloon
92%
8 Sticky
91%
7 Judge Judy
90%
4 Darling, I
89%
12 Like Him
89%
11 Thought I Was Dead
84%
14 I Hope You Find Your Way Home
83%
5 Hey Jane
82%
9 Take Your Mask Off
81%
6 I Killed You
79%
10 Tomorrow
79%
No matching quizzes found
Score Distribution
Percent of People with Each Score
Percentile by Number Answered
Your Score History
You have not taken this quiz